Statystyki dla Wyspy według największego miasta

Kliknij tutaj aby rozwiązać quiz!

Ogólne statystyki

  • Ten quiz został rozwiązany 9 177 razy
  • Średni wynik to 10 z 20

Statystyki odpowiedzi

MiastoWyspa% Poprawnych
DublinIrlandia
97%
LondynWielka Brytania
97%
ReykjavikIslandia
78%
HawanaKuba
73%
NikozjaCypr
70%
TajpejTajwan
61%
KingstonJamajka
57%
PalermoSycylia
57%
NuukGrenlandia
48%
Santo DomingoHaiti
48%
TokioHonsiu
45%
DżakartaJawa
43%
HeraklionKreta
42%
SapporoHokkaido
36%
PalmaMajorka
30%
AucklandWyspa Północna
26%
San JuanPortoryko
20%
ChristchurchWyspa Południowa
20%
HonoluluOahu
11%
CharlottetownWyspa Księcia Edwarda
6%

Rozkład punktacji

Percentyl według liczby udzielonych odpowiedzi

Procent ludzi z każdym wynikiem

Twoja historia wyników

Nie rozwiązałeś tego quizu